00214nam a2200097Ia 4500008004100000100002400041245001800065260000900083942000700092999001700099190216s9999||||xx |||||||||||||| ||und|| aRamakrishnan Nair M 0aAryabharatham bNull cBK c24986d24986